Wszystkie karty Ikon i Hero w EA FC 25 - Statystyki

Ogólne statystyki
  • Ten quiz został rozwiązany 280 razy
    276 od ostatniego zresetowania
  • Średni wynik to 67 z 183
Statystyki odpowiedzi
Overall Narodowość Zawodnik % Poprawnych
94/M Brazylia Ronaldo
94%
94/M Francja Zinedine Zidane
93%
89/M Ghana Abedi Pelé
88%
93/M Brazylia Ronaldinho
82%
92/M Węgry Ferenc Puskás
80%
92/M Rosja Lev Yashin
75%
93/K USA Mia Hamm
74%
90/M Holandia Ruud Gullit
73%
92/M Włochy Paolo Maldini
72%
93/M Holandia Johan Cruyff
70%
91/M Portugalia Eusébio
67%
90/M Brazylia Roberto Carlos
67%
92/M Niemcy Gerd Müller
64%
91/M Włochy Gianluigi Buffon
64%
91/M Francja Thierry Henry
61%
91/M Brazylia Cafu
60%
90/M Irlandia Płn. George Best
60%
89/M Niemcy Philipp Lahm
58%
92/M Brazylia Garrincha
56%
90/M Brazylia Rivaldo
56%
90/M Hiszpania Xavi
56%
91/M Brazylia Carlos Alberto
55%
86/M Polska Jerzy Dudek
55%
89/M Brazylia Kaká
55%
91/M Holandia Marco van Basten
55%
89/M WKS Didier Drogba
53%
88/M Walia Gareth Bale
53%
86/M Polska Włodzimierz Smolarek
53%
91/K Japonia Homare Sawa
52%
92/M Anglia Bobby Charlton
50%
88/M Holandia Edwin van der Sar
50%
90/M Hiszpania Iker Casillas
49%
89/M Kamerun Samuel Eto'o
49%
90/M Włochy Andrea Pirlo
48%
89/M Portugalia Luís Figo
48%
86/M Ghana Michael Essien
48%
88/M Czechy Petr Čech
48%
86/M Irlandia Robbie Keane
48%
86/M Irlandia Roy Keane
48%
91/M Brazylia Zico
48%
91/M Włochy Franco Baresi
47%
87/M Anglia Frank Lampard
47%
90/M Niemcy Lothar Matthäus
47%
87/M Serbia Nemanja Vidić
47%
88/M Anglia Rio Ferdinand
47%
89/M Dania Peter Schmeichel
46%
89/M Brazylia Sócrates
46%
87/M Chorwacja Davor Šuker
45%
86/M Meksyk Luis Hernández
45%
88/M Czechy Pavel Nedvěd
45%
87/M Hiszpania Xabi Alonso
45%
89/M Włochy Alessandro Nesta
44%
88/M Belgia Eden Hazard
44%
88/M Dania Michael Laudrup
44%
89/M Bułgaria Christo Stoichkov
43%
88/M Rumunia Gheorghe Hagi
43%
89/M Meksyk Hugo Sánchez
43%
88/M Nigeria Jay-Jay Okocha
43%
90/M Anglia Bobby Moore
42%
87/M Hiszpania Fernando Torres
42%
88/M Anglia Steven Gerrard
42%
87/M WKS Yaya Touré
42%
89/M Hiszpania Carles Puyol
41%
86/M Włochy Gianluca Zambrotta
41%
86/M Szwecja Henrik Larsson
41%
88/M Holandia Ronald Koeman
41%
88/M Anglia Wayne Rooney
41%
90/M Włochy Alessandro Del Piero
40%
89/M Włochy Fabio Cannavaro
40%
87/M Japonia Hidetoshi Nakata
40%
87/M Walia Ian Rush
40%
86/M Anglia Ashley Cole
39%
87/M Anglia Joe Cole
39%
88/M Anglia Paul Scholes
39%
90/M Hiszpania Raúl
39%
88/M Holandia Robin van Persie
39%
85/M Arabia Saudyjska Saeed Al Owairan
39%
89/M Szkocja Kenny Dalglish
38%
88/M Niemcy Miroslav Klose
38%
91/M Włochy Roberto Baggio
38%
87/M Brazylia Zé Roberto
38%
88/M Ukraina Andriy Shevchenko
37%
88/M Anglia David Beckham
37%
88/M Francja Patrick Vieira
37%
88/M Anglia Michael Owen
36%
87/M Portugalia Rui Costa
36%
92/K Niemcy Birgit Prinz
35%
89/M Francja David Ginola
35%
86/M Włochy Gennaro Gattuso
35%
89/M Brazylia Jairzinho
35%
88/M Finlandia Jari Litmanen
35%
86/M Argentyna Juan Sebastián Verón
35%
88/M Hiszpania Fernando Hierro
34%
88/M Francja Marcel Desailly
34%
92/K Niemcy Nadine Angerer
34%
88/M Niemcy Bastian Schweinsteiger
33%
88/M Urugwaj Diego Forlán
33%
89/M Hiszpania Emilio Butragueño
33%
89/M Argentyna Javier Zanetti
33%
87/M Francja Emmanuel Petit
32%
86/M Argentyna Hernán Crespo
32%
86/M Korea Płd. Ji-sung Park
32%
88/M Argentyna Juan Román Riquelme
32%
89/M Brazylia Lúcio
32%
87/M Słowacja Marek Hamšík
32%
87/M Holandia Patrick Kluivert
32%
85/M Australia Tim Cahill
32%
87/M Francja Claude Makélélé
31%
89/M Anglia Gary Lineker
31%
86/M Anglia Sol Campbell
31%
89/M Anglia Alan Shearer
30%
90/M Holandia Dennis Bergkamp
30%
89/M Francja Eric Cantona
30%
88/M Francja Laurent Blanc
30%
88/M Francja Lilian Thuram
30%
90/K Szwecja Lota Schelin
30%
89/M Holandia Ruud van Nistelrooy
30%
86/M Arabia Saudyjska Sami Al Jaber
30%
88/M Francja Frank Ribéry
29%
87/M Włochy Gianfranco Zola
29%
87/M Meksyk Jorge Campos
29%
87/M Anglia Ian Wright
28%
90/K Francja Camille Abily
27%
87/M Holandia Jaap Stam
27%
89/K Anglia Kelly Smith
27%
88/M Belgia Vincent Kompany
27%
87/M Włochy Claudio Marchisio
26%
85/M USA Clint Dempsey
26%
87/M Anglia John Barnes
26%
86/M USA Landon Donovan
25%
86/M Rosja Aleksandr Mostovoi
24%
90/K Japonia Aya Miyama
24%
87/M Bułgaria Dimitar Berbatov
24%
85/M Arabia Saudyjska Mohammed Noor
24%
86/M Norwegia Ole Gunnar Solskjær
24%
87/M Francja Robert Pirès
24%
86/M Czechy Tomáš Rosický
24%
87/M Kolumbia Iván Córdoba
23%
86/M Nigeria Nwankwo Kanu
23%
88/M Włochy Antonio Di Natale
22%
87/M Australia Harry Kewell
22%
88/M Argentyna Javier Mascherano
22%
90/K USA Julie Foudy
22%
85/M USA Tim Howard
22%
87/M Holandia Frank Rijkaard
21%
86/M Norwegia John Arne Riise
21%
88/M Argentyna Carlos Tévez
20%
89/M Hiszpania Fernando Morientes
20%
86/M Hiszpania Joan Capdevila
20%
88/K Francja Marinette Pichon
20%
89/M Niemcy Rudi Völler
20%
87/M Szwecja Tomas Brolin
20%
88/M Argentyna Diego Milito
19%
85/M Niemcy Lars Ricken
19%
86/M Brazylia Ramires
19%
86/M Szwecja Freddie Ljungberg
18%
88/M Brazylia Maicon
18%
86/M Francja Blaise Matuidi
17%
85/M USA DeMarcus Beasley
17%
86/M Hiszpania Guti
17%
89/M Niemcy Jürgen Kohler
17%
88/M Niemcy Mario Gomez
17%
88/M Portugalia Paulo Futre
17%
88/M Francja Bixente Lizarazu
16%
88/M Holandia Wesley Sneijder
16%
85/M Anglia Peter Crouch
15%
86/K Francja Sonia Bompastor
15%
88/M Urugwaj Enzo Francescoli
14%
89/M Włochy Gianluca Vialli
14%
86/M Anglia Jamie Carragher
14%
88/M Portugalia Ricardo Carvalho
14%
86/M Francja Sidney Govou
14%
85/K Anglia Alex Scott
13%
89/M Francja Jean-Pierre Papin
13%
88/M Meksyk Rafael Márquez
13%
89/K Niemcy Celia Šašić
12%
86/M Holandia Dirk Kuyt
12%
86/K Anglia Fara Williams
12%
86/M Anglia Ledley King
12%
88/K Niemcy Nadine Keßler
12%
87/M Anglia Steve McManaman
12%
87/K Francja Laura Georges
11%
86/M Francja Ludovic Giuly
11%
Nie znaleziono quizów pasujących do podanych kryteriów
Rozkład punktacji
Procent ludzi z każdym wynikiem
Percentyl według liczby udzielonych odpowiedzi
Twoja historia wyników
Nie rozwiązałeś tego quizu od ostatniego zresetowania